| 000 | 005330000a22001930004500 | ||
|---|---|---|---|
| 001 | 003209 | ||
| 003 | MACL | ||
| 005 | 20150910122041.0 | ||
| 008 | 150910b xxu||||| |||| 00| 0 eng d | ||
| 040 |
_aMACL _cMACL |
||
| 041 | _aEnglish | ||
| 082 | _a821/KRI | ||
| 100 |
_aKrishnakumar, Bhaskaramenon _99794 |
||
| 245 |
_aSweet Gentle Radiant _bSelected Poems Of G Sankara Kurup _cBhaskaramenon Krishnakumar |
||
| 260 |
_aNew Delhi _c2001 _bSahitya Akademi, |
||
| 350 | _a65 | ||
| 650 |
_aEnglish Poetry _96237 |
||
| 942 |
_k821 _cBK _2ddc |
||
| 999 |
_c15115 _d15115 |
||